00593nam a2200169 a 450000100100000000500170001000800410002704000250006808200160009310000330010924500830014226000540022530000170027949000270029650400730032383000270039600002630820200930024500.0110310s1968 dr 000 0 spa d aDO-SdBNPbspacBNPHU axxxxbP349o1 aPeña Batlle, Manuel Arturo10aObras escogidas :bcuatro ensayos históricos /cManuel Arturo Peña Batlle. aSanto Domingo :bJulio D. Postigo e hijos,c1968. av. ;c24 cm.1 aPensamiento dominicano aIncluye referencias bibliográficas y notas al pie de las páginas 0aPensamiento dominicano